• 首页
  • 本馆介绍
  • 公告通知
  • 最新文献
  • 馆藏检索
  • 电子资源
  • 读者导购
  • 参考咨询
  • 我的图书馆
  • 登录
  • 详细信息显示
  • 放入我的书架
  • 预约/预借图书
  • 作者相关作品
  • 分类相关作品
  • 丛书相关作品
  • 出版社相关作品

书目信息

  • 表格格式
  • 工作单格式
  • 卡片格式
题名:
服装材料与应用
    
 
作者: 吕航 , 赖秋劲 主编
分册:  
出版信息: 北京   高等教育出版社  2003
页数: 142页
开本: 28cm
丛书名:
单 册:
中图分类: TS941.15
科图分类:
主题词: 服装--材料--高等教育--教材
电子资源:
ISBN: 7-04-012488-2
000 00852n|m0 2200265 450-
001 0102547534
005 20121109170000.0
010    @a7-04-012488-2@dCNY20.50
011    @a7-04-012488-2
100    @a20030917d2003 em y0chiy0120 ea
101 0  @achi
102    @aCN@b110000
105    @aa z 000yy
135    @adrbn ---auuuu
200 1  @a服装材料与应用@9Fu Zhuang Cai Liao Yu Ying Yong @f吕航,赖秋劲主编@b电子资源.图书
210    @a北京@c高等教育出版社@d2003
215    @a142页@c图@d28cm
325    @a电子复制品
330    @a本书共分九章,阐述了服装材料的原料、结构、品种、性能、发展等诸多方面的内容。
606 0  @a服装@x材料@x高等教育@j教材
690    @aTS941.15@v4
701  0 @a吕航@c(服装)@4主编@9lü hang
701  0 @a赖秋劲@c(服装)@4主编@9lai qiu jin
801  0 @aCN@bAZmarc@c20230903
905    @dTS941.15@e3@f5@sTS941.15/3@aBZT
    
    服装材料与应用/吕航,赖秋劲主编[电子资源.图书].-北京:高等教育出版社,2003
    142页:图;28cm
    
    
    ISBN 7-04-012488-2:CNY20.50
    本书共分九章,阐述了服装材料的原料、结构、品种、性能、发展等诸多方面的内容。
●
相关链接 在五车中查询图书 在当当中查询图书 在豆瓣中查询图书


正题名:服装材料与应用     索取号:TS941.15/3         预约/预借

序号 登录号 条形码 馆藏地/架位号 状态 备注
1 2000014251   2000014251   旧书回溯/ [索取号:TS941.15/3] 在馆    
2 2000014252   2000014252   旧书回溯/ [索取号:TS941.15/3] 在馆    
3 2000051855   2000051855   旧书回溯/ [索取号:TS941.15/3] 在馆    
4 2000051856   2000051856   旧书回溯/ [索取号:TS941.15/3] 在馆    
5 2000052915   2000052915   旧书回溯/ [索取号:TS941.15/3] 在馆    
山东省滨州职业学院图书馆 欢迎您!
大连网信软件有限公司© 版权所有